| 000 | 01052pam a2200301 i 4500 | ||
|---|---|---|---|
| 001 | 2214990 | ||
| 003 | EG-ScBUE | ||
| 005 | 20250716095351.0 | ||
| 008 | 750204s1975 maua f b 001 0 eng d | ||
| 020 | _a0201023989 | ||
| 040 |
_aDLC _beng _erda _cDLC _dDLC _dEG-ScBUE |
||
| 082 | 0 | 4 |
_a541.3724 _222 _bGIL |
| 100 | 1 |
_aGileadi, Eliezer, _eauthor. _97194 |
|
| 245 | 1 | 0 |
_aInterfacial electrochemistry : _ban experimental approach / _cE. Gileadi, E. Kirowa-Eisner, J. Penciner, Tel-Aviv University. |
| 264 | 1 |
_aReading, Mass. : _bAddison-Wesley Pub. Co., Advanced Book Program, _c[1975] |
|
| 264 | 4 | _cc1975 | |
| 300 |
_axviii, 525 pages : _billustrations ; _c24 cm |
||
| 336 |
_2rdacontent _atext _btxt |
||
| 337 |
_aunmediated _2rdamedia _bn |
||
| 338 |
_avolume _bnc _2rdacarrier |
||
| 500 | _aIncludes index. | ||
| 650 | 7 |
_aElectrodes. _2BUEsh _97195 |
|
| 650 | 7 |
_aElectric double layer. _2BUEsh _97196 |
|
| 655 | _vReading book | ||
| 700 | 2 |
_aKirowa-Eisner, E., _ejoint author. _97197 |
|
| 700 | 1 |
_aPenciner, J., _ejoint author. _97198 |
|
| 942 |
_2ddc _cBB |
||
| 999 |
_c12105 _d12105 |
||